The Rock Review: summary and recommendations (Record no. 122029)
[ view plain ]
| 000 -LEADER | |
|---|---|
| fixed length control field | 01604nam a22002057a 4500 |
| 008 - FIXED-LENGTH DATA ELEMENTS--GENERAL INFORMATION | |
| fixed length control field | 241018t2023 xxk|||||o||||o00| 0 eng d |
| 041 ## - LANGUAGE CODE | |
| Language code of text/sound track or separate title | eng |
| 110 ## - MAIN ENTRY--CORPORATE NAME | |
| Corporate author | Department for Environment, Food and Rural Affairs |
| 245 ## - TITLE STATEMENT | |
| Title | The Rock Review: summary and recommendations |
| Subtitle | summary and recommendations |
| Medium | [Electronic resource] |
| 260 ## - PUBLICATION INFORMATION | |
| Publisher | Department for Environment Food & Rural Affairs |
| Date | May 2023 |
| 520 ## - ABSTRACT | |
| Abstract | In February 2022 the DEFRA Secretary of State asked Baroness Rock to Chair a newly formed Tenancy Working Group with two clear objectives. The first was to look at how the new government financial schemes should be accessible, open, and flexible to tenant farmers. The second was to look at longer term changes that would ensure a robust, vibrant, and thriving agricultural tenanted sector for the future. With roughly a third of farmed land in England being tenanted, tenant farmers are vital to the nation’s food production alongside the delivery of environmental outcomes. This document sets out the foreword, key facts, executive summary and headline recommendations of The Rock Review from the independent Tenancy Working Group.<br/> |
| 650 ## - KEYWORDS | |
| Keywords | AGRICULTURAL TENANCIES |
| 650 ## - KEYWORDS | |
| Keywords | LANDLORD AND TENANT |
| 650 ## - KEYWORDS | |
| Keywords | TENANT FARMERS |
| 651 ## - SUBJECT ADDED ENTRY--GEOGRAPHIC NAME | |
| Geographic name | England |
| 690 ## - BROAD SUBJECT | |
| 9 (RLIN) | 6252 |
| Broad subject | Landlord and tenant |
| 710 ## - ADDED CORPORATE NAME | |
| Added corporate author | Department for Environment, Food and Rural Affairs |
| 856 ## - ONLINE RESOURCE | |
| Uniform Resource Identifier | <a href="https://www.gov.uk/government/publications/the-rock-review-working-together-for-a-thriving-agricultural-tenanted-sector/the-rock-review-summary-and-recommendations">https://www.gov.uk/government/publications/the-rock-review-working-together-for-a-thriving-agricultural-tenanted-sector/the-rock-review-summary-and-recommendations</a> |
| Public note | View on .gov.uk |
| 942 ## - ADDED ENTRY ELEMENTS (KOHA) | |
| Suppress in OPAC | Do not suppress in OPAC |
| Lost status | Damaged status | Not for loan | Current library | Shelving location | Date acquired | Total Checkouts | Date last seen | Price effective from | Koha item type |
|---|---|---|---|---|---|---|---|---|---|
| Virtual | Online | 18/10/2024 | 18/10/2024 | 18/10/2024 | Online material |